Formula 1 Drivers by Numbers - Statistics

General Stats
  • This quiz has been taken 509 times
    362 since last reset
  • The average score is 14 of 20
Answer Stats
Hint Answer % Correct
Max Verstappen 1
93%
Charles Leclerc 16
93%
Lewis Hamilton 44
92%
Lando Norris 4
90%
Carlos Sainz 55
89%
Oscar Piastri 81
81%
George Russell 63
80%
Fernando Alonso 14
76%
Alexander Albon 23
73%
Kimi Antonelli 12
68%
Lance Stroll 18
68%
Yuki Tsunoda 22
66%
Pierre Gasly 10
65%
Esteban Ocon 31
64%
Oliver Bearman 87
62%
Gabriel Bortoleto 5
60%
Isack Hadjar 6
60%
Nico Hulkenberg 27
54%
Jack Doohan 7
54%
Liam Lawson 30
52%
No matching quizzes found
Score Distribution
Percent of People with Each Score
Percentile by Number Answered
Your Score History
You have not taken this quiz since the last reset